01381nam a2200373 i 450000100060000000300080000600500170001400600190003100700150005000800410006502000330010603500220013904000310016105000290019208000130022108200120023410000360024624500810028226400570036330000250042033600310044533700330047633800430050949000170055250400280056958800830059759001620068065000220084265500270086479700180089183000180090985600630092799900170099022766FINmELB20241216214031.0m o u cr cn|||||||||230201s2021 ag ob 000 0 spa d a9789877192964qelectrónico a(OCoLC)1370945326 aFINmELBbspaerdacFINmELB 4aPQ8180.17.A73bG377 2021 a82-4(82)04a8642231 aGarramuño, Florencia,eautor.10aModernidades primitivas :btango, samba y nación /cFlorencia Garramuño. 1aBuenos Aires :bFondo de Cultura Económica,c2021. a1 recurso en línea atextobtxt2rdacontent/spa acomputadorabc2rdamedia/spa arecurso en líneabcr2rdacarrier/spa1 aTierra firme aIncluye bibliografía. aDescripción basada en metadatos suministrados por el editor y otras fuentes. aRecurso electrónico. Santa Fe, Arg.: elibro, 2023. Disponible vía World Wide Web. El acceso puede estar limitado para las bibliotecas afiliadas a elibro. 4aEnsayo argentino. 4aLibros electrónicos.2 aelibro, Corp. 0aTierra firme.40uhttps://elibro.net/ereader/politecnicointernacional/218893 c22766d22766